Loading...
| Science - Biology | 0 | 6 | 0 | 1 | 60 | 58 | 85.00 | 1 | 2 | 9.83 | 21.49 |
| Mythology | 0 | 4 | 1 | 0 | 35 | 57 | 85.50 | 0 | 1 | 6.79 | 10.91 |
| Social Science | 0 | 2 | 1 | 0 | 15 | 95 | 106.50 | 0 | 1 | 0.62 | 4.66 |
| Science - Physics | 0 | 1 | 0 | 0 | 10 | 98 | 98.00 | 0 | 0 | 0.86 | 2.27 |
| History - World | 0 | 1 | 0 | 0 | 10 | 24 | 24.00 | 1 | 1 | 3.67 | 4.55 |
| Pop Culture | 0 | 1 | 0 | 0 | 10 | 62 | 62.00 | 0 | 1 | 8.90 | 11.11 |
| Science - Chemistry | 0 | 1 | 1 | 0 | 5 | 78 | 78.00 | 0 | 0 | 1.69 | 1.70 |
| Literature - British | 0 | 1 | 1 | 0 | 5 | 29 | 29.00 | 0 | 1 | 3.51 | 3.64 |
| Literature - World/Other | 0 | 1 | 1 | 0 | 5 | 104 | 104.00 | 0 | 0 | 0.96 | 1.82 |
| Philosophy | 0 | 0 | 0 | 0 | 0 | 0.00 | 0 | 0 | 0.00 | 0.00 | |
| History - Other | 0 | 0 | 1 | 0 | -5 | 0.00 | 0 | 0 | 0.00 | 0.00 |